000 00691 a2200217 4500
999 _c196543
_d196543
005 20230714153043.0
010 _aENG-137401
020 _a9788194878148
_c456.00
035 _aEN-120933
037 _bDBAD/Pub
082 1 4 _a346.54048
100 _aSudha, K.
245 1 _aIntellectual Property Rights
_cK. Sudha, K. Sathish [and] B. Kanaka Laxmi
250 _aFirst edition.
260 _aHyderabad
_bSpectrum Educational Books
_c2022
270 _a326/C, level-5, near B K Guda Park, S R Nagar
_bHyderabad
_e500 038
300 _avi, 226p.;
_c24cm(pbk)
700 _aSathish, K.
700 _aLaxmi. B. Kanaka
942 _cEN
_2ddc
_h346.54048
_mSUD
_eFirst edition